000 00293nam a2200109Ia 4500
008 171211s9999 xx 000 0 und d
245 _a25 Natural Ways to Relieve Headaches
245 _cRomy Fox
260 _c2002
650 _xFITNESS
856 _uhttp://down.ebook777.com/061/0071402748.pdf
999 _c349113
_d349113